Finish the Lyrics - Bohemian Rhapsody - Statistics

General Stats
  • This quiz has been taken 322 times
  • The average score is 43 of 51
Answer Stats
Hint Answer % Correct
Is this just _______? fantasy
97%
Is this the real ____? life
97%
Mama, ____ had just begun life
97%
No escape from _______ reality
96%
Open your ____ eyes
95%
Goodbye, everybody, I've got to __ go
95%
No, we will not let you __ (let him __) go
95%
We will not let you __ (let him __) go
95%
We will not let you __ (let me __) go
95%
Will not let you __ (let me __) go
95%
Never, never, never, never let me __ go
95%
I'm just a ____ boy poor
95%
But I'm just a ____ boy, nobody loves me poor
95%
He's just a ____ boy from a ____ family poor
95%
Put a gun against his head, pulled my trigger, now he's ____ dead
94%
Mama, just killed a ___ man
94%
I see a little silhouetto of a ___ man
94%
Too late, my ____ has come time
93%
Body's aching all the ____ time
93%
Any way the ____ blows doesn't really matter to me, to me wind
93%
Mama, ooh (any way the ____ blows) wind
93%
Mama, ooh, didn't mean to make you ___ cry
92%
Because I'm ____ come, ____ go, little high, little low easy
92%
____ come, ____ go, will you let me go? easy
92%
I sometimes wish I'd never been ____ at all born
91%
_____ on, _____ on as if nothing really matters carry
90%
Sends shivers down my _____ spine
90%
I don't wanna ___ die
89%
Oh, _____ mia, _____ mia mamma
89%
_____ mia, let me go mamma
89%
If I'm not back again this time ________ tomorrow
89%
I need no ________ sympathy
84%
Gotta leave you all behind and face the _____ truth
83%
Thunderbolt and lightning, very, very ___________ me frightening
82%
Caught in a _________ landslide
82%
(_______) _______, (_______) _______, _______ Figaro, magnifico Galileo
81%
Nothing really _______, anyone can see matters
81%
Nothing really _______ matters
81%
Nothing really _______ to me matters
81%
Look up to the _____ and see skies
81%
But now I've gone and ______ it all away thrown
80%
So you think you can love me and _____ me to die? leave
75%
Just gotta get ___, just gotta get right outta here out
74%
Scaramouche, Scaramouche, will you do the ________? Fandango
70%
Oh, ____, can't do this to me, ____ baby
68%
Spare him his life from this ___________ monstrosity
68%
__, __, __, __, __, __, __ no
62%
So you think you can stone me and ____ in my eye? spit
62%
Beelzebub has a _____ put aside for me, for me, for me devil
60%
___ ooh
32%
___, yeah, ___, yeah ooh
32%
No matching quizzes found
Score Distribution
Percent of People with Each Score
Percentile by Number Answered
Your Score History
You have not taken this quiz